filmographie années 2000/2010 Sandrine Kiberlain - Statistiques

Statistiques générales
  • Ce quiz a été pris 24 fois
  • Le résultat moyen est 7 sur 31
Statistiques - réponses
année film % Correct
2013 9 mois ferme
67%
2009 le petit nicolas
61%
2009 mademoiselle chambon
39%
2012 pauline détective
39%
2016 quand on a 17 ans
33%
2010 les femmes du sixième étage
28%
2011 l'oiseau
28%
2013 tip top
28%
2014 elle l'adore
22%
2015 floride
22%
2013 les gamins
22%
2012 les infidèles
22%
2000 love me
22%
2000 tout va bien on s'en va
22%
2014 aimer,boire et chanter
17%
2015 encore heureux
17%
2003 filles uniques
17%
2000 la fausse suivante
17%
2011 polisse
17%
2009 romaine par moins 30
17%
2012 rue mandar
17%
2013 violette
17%
2001 betty fisher et autres histoires
11%
2015 comme un avion
11%
2007 la vie d'artiste
11%
2007 très bien merci
11%
2003 après vous
6%
2011 beur sur la ville
6%
2002 c'est le bouquet
6%
2010 un balcon sur la mer
6%
2004 un petit jeu sans conséquence
6%
Aucun quiz correspondant
Distribution des résultats
% des personnes avec chaque résultat
Percentile par nombre de réponses
Votre historique - résultats
Vous n’avez pas pris ce quiz